[Event "Wielkopolska III Liga Juniorow 2016"]
[Site "Gniezno"]
[Date "1899-12-30"]
[Round "6.16"]
[White "Lazniewski, Tadeusz"]
[Black "Juralowicz, Jarema"]
[Result "1/2-1/2"]
[WhiteTitle "II"]
[BlackTitle "III"]
[WhiteElo "1186"]
[BlackElo "1012"]

1. e4 c5 2. c3 d6 3. d4 cxd4 4. cxd4 g6 5. Nc3 Bg7 6. Nf3 a6 7. Be3 Nf6 8. Bd3
O-O 9. O-O Nc6 10. d5 Nb8 11. Rc1 Bg4 12. h3 Bxf3 13. Qxf3 Nbd7 14. Qe2 Ne5 15.
f4 Nxd3 16. Qxd3 Qd7 17. b3 Rac8 18. Na4 Rxc1 19. Rxc1 Qb5 20. Qxb5 axb5 21. Nc3
b4 22. Na4 Nxe4 23. Rc7 e6 24. dxe6 fxe6 25. Rxb7 e5 26. fxe5 Bxe5 27. Rxb4 Ng3
28. Bf2 Ne2+ 29. Kf1 Ng3+ 30. Kg1 1/2-1/2

[Event "Wielkopolska III Liga Juniorow 2016"]
[Site "Gniezno"]
[Date "1899-12-30"]
[Round "6.17"]
[White "Kostecka, Marika"]
[Black "Walkowiak, Bogumila"]
[Result "1-0"]
[WhiteTitle "I+"]
[BlackTitle "II"]
[WhiteElo "1699"]
[BlackElo "1337"]

1. e4 e5 2. Nf3 Nc6 3. Bb5 a6 4. Ba4 Nf6 5. O-O b5 6. Bb3 Be7 7. Re1 d6 8. h3 Na5
9. c3 c5 10. Bc2 O-O 11. d4 Qc7 12. Nbd2 Re8 13. Nf1 Bf8 14. Bg5 Qe7 15. Ne3 h6
16. Nd5 Qd8 17. dxe5 hxg5 18. exf6 gxf6 19. Nh2 Bg7 20. Ng4 Nc4 21. b3 Ne5 22.
Nge3 Be6 23. Qh5 Ng6 24. g3 Ne7 25. Rad1 Bxd5 26. exd5 Qa5 27. Qh7+ Kf8 28. Nf5
Nxf5 29. Bxf5 Qc7 30. h4 gxh4 31. gxh4 Rxe1+ 32. Rxe1 Qa5 33. Re3 Qxa2 34. Rg3
1-0

[Event "Wielkopolska III Liga Juniorow 2016"]
[Site "Gniezno"]
[Date "1899-12-30"]
[Round "6.18"]
[White "Miranowska, Anna"]
[Black "Grochot, Klara"]
[Result "1-0"]
[WhiteTitle "II"]
[BlackTitle "II"]
[WhiteElo "1089"]
[BlackElo "1027"]

1. d4 d5 2. Nf3 Nc6 3. c4 dxc4 4. d5 Nb4 5. Qa4+ c6 6. Qxb4 e6 7. Qxc4 exd5 8.
Qd4 Bd6 9. Bf4 Nf6 10. Bxd6 Qxd6 11. Qe5+ Qxe5 12. Nxe5 O-O 13. Nf3 Bf5 14. Nc3
Rad8 15. e3 Rfe8 16. O-O-O Be4 17. Bd3 Bxf3 18. gxf3 Re6 19. Rd2 d4 20. exd4 Rxd4
21. Bxh7+ Nxh7 22. Rxd4 Ng5 23. Rd7 b5 24. Rxa7 Nxf3 25. Rd7 b4 26. Na4 Re2 27.
Rf1 Nxh2 28. Rd8+ Kh7 29. Rh1 Rxf2 30. Rd2 Rf1+ 31. Rxf1 Nxf1 32. Rf2 Ne3 33.
Rxf7 Kh6 34. Nc5 g5 35. Ne4 Kh5 36. Rg7 g4 37. Nf6+ Kh4 38. Nxg4 Nxg4 39. Rb7
Ne5 40. Rxb4+ Kg5 41. Kc2 Kf6 42. a4 c5 43. Rb5 c4 44. a5 Ke7 45. Rxe5+ Kd7 46.
Re7+ Kc8 47. Kc3 Kb8 48. Kxc4 Ka8 49. Kc5 Kb8 50. Kb6 Kc8 51. Kc6 Kd8 52. Kd6
Kc8 53. a6 Kb8 54. Kc6 Ka8 55. Kb6 Kb8 56. Re8# 1-0

[Event "Wielkopolska III Liga Juniorow 2016"]
[Site "Gniezno"]
[Date "1899-12-30"]
[Round "6.19"]
[White "Stochnialek, Dominika"]
[Black "Golinski, Kacper"]
[Result "1-0"]
[WhiteTitle "I"]
[BlackTitle "II"]
[WhiteElo "1438"]
[BlackElo "1481"]

1. e4 e6 2. d4 d5 3. Nd2 c5 4. Ne2 Nc6 5. c3 Nf6 6. e5 Nd7 7. Nf3 Be7 8. Ng3 Qb6
9. Be2 cxd4 10. cxd4 Bb4+ 11. Kf1 O-O 12. h4 Re8 13. Nh5 g6 14. Nf6+ Nxf6 15.
exf6 Bd7 16. h5 e5 17. hxg6 hxg6 18. Bh6 Bf8 19. Bxf8 Rxf8 20. Qd2 Nxd4 21. Rh8+
Kxh8 22. Qh6+ Kg8 23. Qg7# 1-0

[Event "Wielkopolska III Liga Juniorow 2016"]
[Site "Gniezno"]
[Date "1899-12-30"]
[Round "6.20"]
[White "Markiewicz, Krzysztof"]
[Black "Wojciechowski, Antoni"]
[Result "0-1"]
[WhiteTitle "II"]
[BlackTitle "II+"]
[WhiteElo "1355"]
[BlackElo "1514"]

1. e4 c6 2. d4 d5 3. e5 Bf5 4. Nf3 e6 5. Bd3 Bxd3 6. Qxd3 Qb6 7. O-O c5 8. c3 Nc6
9. a3 Rc8 10. b4 cxb4 11. cxb4 Nge7 12. Be3 Nf5 13. Nbd2 a6 14. Rac1 Be7 15. Nb3
h6 16. Kh1 g5 17. Nc5 g4 18. Ng1 h5 19. Ne2 h4 20. Rb1 Bxc5 21. bxc5 Qc7 22. f3
g3 23. h3 Na5 24. Bd2 Nc4 25. Rb3 Rb8 26. Rfb1 Kd7 27. Nc3 Ne7 28. Nd1 Nf5 29.
Nb2 Nxd2 30. Qxd2 b5 31. Nd1 Kc6 32. Ne3 Nxe3 33. Qxe3 Qe7 34. Qd2 Qd8 35. Qf4
Qe7 36. Qd2 Qc7 37. Qf4 Rbf8 38. a4 Rb8 39. axb5+ Rxb5 40. Rxb5 axb5 41. Ra1 Qb7
42. Qf6 Ra8 43. Rc1 Qa7 44. Rg1 Qa1 45. Qxf7 Qxg1+ 46. Kxg1 Ra1# 0-1

[Event "Wielkopolska III Liga Juniorow 2016"]
[Site "Gniezno"]
[Date "1899-12-30"]
[Round "6.21"]
[White "Poltorak, Sebastian"]
[Black "Matloka, Milosz"]
[Result "1/2-1/2"]
[WhiteTitle "II+"]
[BlackTitle "II"]
[WhiteElo "1693"]
[BlackElo "1355"]

1. d4 d5 2. c4 c6 3. Nf3 Nf6 4. Nc3 e6 5. Bg5 Nbd7 6. cxd5 cxd5 7. e3 Qa5 8. Bd3
Bb4 9. Qc2 Ne4 10. Bxe4 dxe4 11. Nd2 Qxg5 12. O-O Bxc3 13. Nxe4 Qe7 14. Qxc3 O-O
15. f4 Nb6 16. Rf3 Nd5 17. Qd2 b6 18. Rh3 h6 19. Rg3 Nf6 20. Nxf6+ Qxf6 21. e4
Rd8 22. e5 Qf5 23. Kh1 Bb7 24. h3 Rac8 25. Kh2 Rc2 26. Qe3 Qe4 27. Qxe4 Bxe4 28.
Rd1 Rxb2 29. a3 Rc8 30. Re1 Bd5 31. h4 Rcc2 32. Rg1 Rb3 33. Rxb3 Bxb3 34. Kg3
Bd5 35. f5 exf5 36. Kf4 Be4 37. g4 Rf2+ 38. Ke3 Rf3+ 39. Ke2 Rxa3 40. gxf5 Bxf5
41. d5 Ra4 42. Kf3 Rxh4 43. Ra1 a5 44. d6 Rc4 45. Rd1 Bg4+ 46. Ke3 Bxd1 47. d7
Bc2 48. d8=Q+ Kh7 49. Qd5 Rc3+ 50. Ke2 Bg6 51. Qd4 Rc6 52. Qd5 Re6 53. Kd2 Bf5
54. Kd1 f6 55. exf6 Rxf6 56. Ke1 a4 57. Qd4 a3 58. Qa1 Re6+ 59. Kf2 h5 60. Qxa3
Rg6 61. Qb4 Bg4 62. Kg3 h4+ 63. Kxh4 Bf5 64. Qb5 Bg4 65. Qb1 Bd7 66. Qe4 Bg4 67.
Qd3 Be6 68. Qe4 Bg4 69. Qb1 Bc8 70. Kh5 Bg4+ 71. Kh4 1/2-1/2

[Event "Wielkopolska III Liga Juniorow 2016"]
[Site "Gniezno"]
[Date "1899-12-30"]
[Round "6.22"]
[White "Matuszewski, Bartosz"]
[Black "Roszkiewicz, Anna"]
[Result "0-1"]
[WhiteTitle "II"]
[BlackTitle "I"]
[WhiteElo "1242"]
[BlackElo "1421"]

1. e4 c5 2. Nf3 d6 3. d4 cxd4 4. Nxd4 Nf6 5. Nc3 a6 6. f3 e5 7. Nf5 Bxf5 8. exf5
Nc6 9. Bg5 Be7 10. Qd2 Rc8 11. g4 Nd4 12. Be2 b5 13. Rc1 Qc7 14. Bxf6 Bxf6 15.
Nd5 Bh4+ 16. Kd1 Qc5 17. Nb4 Nxe2 18. Nd3 Nc3+ 19. bxc3 Qxc3 20. Qe2 Bg5 21. f4
Be7 22. Re1 f6 23. Qe4 Qc6 24. Qe2 Qd5 25. a3 Rc4 26. h4 e4 27. Qe3 Qd4 28. Qe2
Kd7 29. g5 Kc7 30. Qd2 exd3 31. Rxe7+ Kd8 32. Rxg7 Qg1+ 33. Qe1 dxc2+ 34. Rxc2
Qxe1+ 35. Kxe1 Rxc2 36. gxf6 Rf8 37. Rxh7 Rxf6 38. Ra7 Rc6 39. Ra8+ Kc7 40. Rh8
Rxf5 41. h5 Rxf4 42. h6 Rh4 43. h7 Kb7 44. Kf2 Rc7 45. Rd8 Rhxh7 46. Rxd6 Rce7
47. Rd3 Rhf7+ 48. Kg3 Re8 49. Kg2 Rg8+ 50. Rg3 Rxg3+ 51. Kxg3 a5 52. Kg2 b4 53.
Kh2 Rg7 54. Kh1 b3 55. Kh2 b2 56. Kh3 b1=Q 57. Kh4 Qh1# 0-1

[Event "Wielkopolska III Liga Juniorow 2016"]
[Site "Gniezno"]
[Date "1899-12-30"]
[Round "6.23"]
[White "Andrzejewska, Maja"]
[Black "Dixa, Joanna"]
[Result "1/2-1/2"]
[WhiteTitle "II"]
[BlackTitle "II"]
[WhiteElo "1295"]
[BlackElo "1234"]

1. e4 c5 2. Nf3 e6 3. d4 cxd4 4. Nxd4 a6 5. Nc3 Qc7 6. a3 Nf6 7. Bd3 b5 8. Qe2
Bb7 9. O-O Be7 10. Be3 O-O 11. f4 d6 12. Rf3 Re8 13. Nb3 Nc6 14. Qf2 Nd7 15. Rh3
e5 16. f5 Qd8 17. Qg3 Kh8 18. Nd5 Bf8 19. Rf1 f6 20. Qh4 h6 21. Rff3 Ne7 22. Nc3
d5 23. exd5 Nxd5 24. Nxd5 Bxd5 25. Be4 Bxe4 26. Qxe4 Rc8 27. c3 Nc5 28. Nxc5 Bxc5
29. Bxc5 Rxc5 30. Rd3 Qb6 31. Kf1 Rc4 32. Qe2 Rf4+ 33. Rhf3 Rxf3+ 34. Rxf3 Rd8
35. Rd3 Rd6 36. Qd2 Rxd3 37. Qxd3 Qc6 38. Kf2 Kg8 39. Qd1 Qc5+ 40. Kf3 Kf8 41.
Qd8+ Kf7 42. Qd7+ Qe7 43. Qc6 Qa7 44. Qe6+ Kf8 45. Qc8+ Ke7 46. Qe6+ Kf8 47. Qc8+
Ke7 48. Qe6+ Kf8 49. Qc8+ Kf7 1/2-1/2

[Event "Wielkopolska III Liga Juniorow 2016"]
[Site "Gniezno"]
[Date "1899-12-30"]
[Round "6.25"]
[White "Lapot, Arkadiusz"]
[Black "Niezgodka, Adam"]
[Result "1-0"]
[WhiteTitle "II"]
[BlackTitle "II"]
[WhiteElo "1417"]
[BlackElo "1627"]

1. f4 d5 2. Nf3 c5 3. b3 Nf6 4. Bb2 Nc6 5. e3 g6 6. Be2 Bg7 7. O-O O-O 8. d3 b6
9. Nbd2 Ng4 10. Bxg7 Kxg7 11. Qc1 Nxe3 12. Qb2+ Kg8 13. Rf2 Ng4 14. Rff1 Qd6 15.
Nh4 Qf6 16. Qxf6 Nxf6 17. c3 Bg4 18. Bxg4 Nxg4 19. Rae1 e6 20. Ndf3 Rad8 21. h3
Nf6 22. Ne5 Nxe5 23. fxe5 Nd7 24. Nf3 Kg7 25. Ng5 h6 26. Nf3 f6 27. exf6+ Rxf6
28. Re2 Kf7 29. Rfe1 Ke7 30. d4 Kd6 31. Ne5 cxd4 32. cxd4 Rc8 33. Ng4 Rf4 34.
Rxe6+ Kc7 35. Rd1 h5 36. Ne3 Nf6 37. Rxf6 1-0

[Event "Wielkopolska III Liga Juniorow 2016"]
[Site "Gniezno"]
[Date "1899-12-30"]
[Round "6.26"]
[White "Pabiszczak, Nikodem"]
[Black "Naworski, Adam"]
[Result "1-0"]
[WhiteTitle "II"]
[BlackTitle "II"]
[WhiteElo "1281"]
[BlackElo "1347"]

1. Nf3 e6 2. e4 c6 3. Be2 d5 4. exd5 cxd5 5. d4 Bd7 6. O-O Nf6 7. Nbd2 b6 8. Ne5
Nc6 9. Ndf3 Nxe5 10. Nxe5 Bd6 11. Bg5 Be7 12. Bxf6 Bxf6 13. f4 O-O 14. c3 Bxe5
15. fxe5 f6 16. exf6 Rxf6 17. Rxf6 Qxf6 18. Qd2 Rf8 19. Rf1 Qg5 20. Rxf8+ Kxf8
1-0

[Event "Wielkopolska III Liga Juniorow 2016"]
[Site "Gniezno"]
[Date "1899-12-30"]
[Round "7.1"]
[White "Niezgodka, Adam"]
[Black "Adamczewski, Maciej"]
[Result "0-1"]
[WhiteTitle "II"]
[BlackTitle "I++"]
[WhiteElo "1627"]
[BlackElo "1949"]

1. d4 Nf6 2. c4 g6 3. Nc3 Bg7 4. Nf3 O-O 5. e4 d6 6. Be2 Nbd7 7. O-O e5 8. dxe5
dxe5 9. b3 Re8 10. Ba3 Nh5 11. Qc2 Nf4 12. Rad1 c6 13. Rd2 Ne6 14. Bd6 Qf6 15.
Ba3 Bh6 16. Rdd1 Bg7 17. Bc1 Qe7 18. Be3 Ndc5 19. Rd2 Nf8 20. Rfd1 Bg4 21. h3
Bxf3 22. Bxf3 Nfe6 23. Bg4 Nd4 24. Qb2 h5 25. Be2 Nce6 26. g3 h4 27. Kg2 Rad8
28. Bg4 Nc5 29. Qa3 b6 30. b4 Nce6 31. Bxe6 Qxe6 32. c5 Qf6 33. f4 hxg3 34. Rf1
Ne6 35. f5 Rxd2+ 36. Bxd2 Nf4+ 37. Bxf4 exf4 38. Ne2 Rxe4 39. Qf3 Re3 0-1

[Event "Wielkopolska III Liga Juniorow 2016"]
[Site "Gniezno"]
[Date "1899-12-30"]
[Round "7.2"]
[White "Janiszewski, Filip"]
[Black "Pabiszczak, Nikodem"]
[Result "1-0"]
[WhiteTitle "I"]
[BlackTitle "II"]
[WhiteElo "1922"]
[BlackElo "1281"]

1. e4 e5 2. Nf3 Nc6 3. Bb5 Bc5 4. c3 Qf6 5. d3 a6 6. Ba4 b5 7. Bc2 Nh6 8. O-O O-O
9. Bg5 Qg6 10. Qd2 f6 11. Bxh6 Qxh6 12. Qxh6 gxh6 13. Nh4 d6 14. Bb3+ Kh8 15.
Bd5 Bb7 16. Nf5 h5 17. Nd2 Nd8 18. Bb3 c6 19. Kh1 Bc8 20. Nh4 Ne6 21. Ndf3 Nf4
22. d4 Bb6 23. Rad1 Bg4 24. h3 Bxf3 25. Nxf3 exd4 26. Nxd4 Bxd4 27. Rxd4 Rad8
28. Rfd1 Rde8 29. f3 f5 30. exf5 Rxf5 31. Rxd6 Rg5 32. R1d2 Re1+ 33. Kh2 c5 34.
Rd8+ Kg7 35. Rg8+ Kh6 36. Rxg5 Kxg5 37. h4+ Kf6 38. Kg3 Ke5 39. Rd8 c4 40. Re8+
Ne6 41. Bc2 h6 42. Bh7 Kf6 43. Bg8 Re5 44. Rxe6+ Rxe6 45. Bxe6 Kxe6 46. Kf4 Kf6
1-0

[Event "Wielkopolska III Liga Juniorow 2016"]
[Site "Gniezno"]
[Date "1899-12-30"]
[Round "7.3"]
[White "Jedras, Adrianna"]
[Black "Skurniak, Szymon"]
[Result "0-1"]
[WhiteTitle "I"]
[BlackTitle "I"]
[WhiteElo "1277"]
[BlackElo "1630"]

1. e4 c5 2. Nf3 e6 3. d4 cxd4 4. Nxd4 a6 5. Nc3 Qc7 6. g3 Nf6 7. Bg2 Be7 8. O-O
O-O 9. Re1 d6 10. a3 Nbd7 11. Be3 Ne5 12. Rb1 Nc4 13. Bd2 Rb8 14. b3 Nxd2 15.
Qxd2 b5 16. a4 Bd7 17. axb5 axb5 18. Nf3 Rfc8 19. Re3 b4 20. Ne2 Qxc2 21. Qxc2
Rxc2 22. Ned4 Rc7 23. e5 Nd5 24. exd6 Bxd6 25. Rd3 Rbc8 26. Rb2 Rc1+ 27. Bf1 e5
28. Ne2 R1c5 29. Nd2 f5 30. Nc4 Bb8 31. Rbd2 Be6 32. Bg2 e4 33. Rd4 Kf7 34. Rd1
Kf6 35. h4 R8c6 36. Kf1 Nc3 37. R1d2 Nxe2 38. Kxe2 Bxc4+ 39. bxc4 Rxc4 40. Rd8
Be5 41. Bf1 b3 42. Rd1 Rc2+ 43. Ke1 e3 44. f4 Bc3+ 45. R8d2 exd2+ 46. Ke2 Rc1
47. Rxd2 Bxd2 48. Bg2 R6c2 49. Kd3 b2 50. Bf3 b1=B 51. Kd4 Rc4+ 52. Kd5 R1c3 53.
Kd6 Be3 54. Kd7 Rd3+ 55. Ke8 Rc7 56. Bb7 Ba2 57. Ba6 Bc5 58. h5 Bf7# 0-1

[Event "Wielkopolska III Liga Juniorow 2016"]
[Site "Gniezno"]
[Date "1899-12-30"]
[Round "7.4"]
[White "Ochedzan, Tymon"]
[Black "Pieczewska, Gabriela"]
[Result "1-0"]
[WhiteTitle "II+"]
[BlackTitle "II"]
[WhiteElo "1589"]
[BlackElo "1160"]

1. e4 e6 2. d4 d5 3. Nc3 c5 4. exd5 exd5 5. dxc5 Nf6 6. Be3 Nc6 7. Bb5 Bd7 8. h3
Be7 9. Nf3 a6 10. Ba4 O-O 11. O-O Be6 12. Bb3 h6 13. Qd2 Ne4 14. Nxe4 dxe4 15.
Nd4 Bxc5 16. Nxe6 Qxd2 17. Bxd2 fxe6 18. Bxe6+ Kh8 19. Bc3 Bd4 20. Bxd4 Nxd4 21.
Bb3 a5 22. c3 Ne2+ 23. Kh2 Rf6 24. Rae1 Nf4 25. Rxe4 Raf8 26. f3 Rg6 27. Rf2 Nd3
28. Rd2 Nf4 29. Re7 b6 30. Bc2 Re6 31. Rxe6 Nxe6 32. Rd6 Re8 33. Rxb6 Nf4 34.
Be4 Re5 35. Rb8+ Re8 36. Rxe8# 1-0

[Event "Wielkopolska III Liga Juniorow 2016"]
[Site "Gniezno"]
[Date "1899-12-30"]
[Round "7.7"]
[White "Golinski, Kacper"]
[Black "Lapot, Arkadiusz"]
[Result "1/2-1/2"]
[WhiteTitle "II"]
[BlackTitle "II"]
[WhiteElo "1481"]
[BlackElo "1417"]

1. e4 e6 2. d4 d5 3. e5 c5 4. c3 Qb6 5. Nf3 Nc6 6. a3 Bd7 7. b4 cxd4 8. cxd4 Nge7
9. Be2 Nf5 10. Be3 Rc8 11. O-O Be7 12. Nbd2 O-O 13. Nb3 f6 14. exf6 Bxf6 15. Nc5
Qc7 16. Rc1 b6 17. Nxd7 Qxd7 18. Bb5 Qd6 19. Qd2 Nxe3 20. fxe3 Ne7 21. Bd3 Qd7
22. Qb2 Rxc1 23. Rxc1 Rc8 24. Rxc8+ Qxc8 25. Qc2 Qxc2 26. Bxc2 1/2-1/2

[Event "Wielkopolska III Liga Juniorow 2016"]
[Site "Gniezno"]
[Date "1899-12-30"]
[Round "7.8"]
[White "Naworski, Adam"]
[Black "Markiewicz, Krzysztof"]
[Result "0-1"]
[WhiteTitle "II"]
[BlackTitle "II"]
[WhiteElo "1347"]
[BlackElo "1355"]

1. e4 c5 2. Nf3 d6 3. d4 cxd4 4. Nxd4 Nf6 5. Nc3 g6 6. Bd3 Bg7 7. Bb5+ Bd7 8. Qd3
a6 9. Bc4 Nc6 10. O-O Qc7 11. Nxc6 Bxc6 12. Nd5 Bxd5 13. exd5 Rc8 14. Bb3 O-O
15. c3 b5 16. Bd2 Nd7 17. Rfe1 Nc5 18. Qe3 Rfe8 19. Qh3 Nxb3 20. axb3 Qb7 21.
Bf4 Qxd5 22. Re3 Qxb3 23. Bxd6 Qxb2 24. Rae1 Bf8 25. g3 Qc2 26. Bxe7 Bxe7 27.
Rxe7 Qxc3 0-1

[Event "Wielkopolska III Liga Juniorow 2016"]
[Site "Gniezno"]
[Date "1899-12-30"]
[Round "7.11"]
[White "Dixa, Joanna"]
[Black "Jasinska, Patrycja"]
[Result "1/2-1/2"]
[WhiteTitle "II"]
[BlackTitle "II"]
[WhiteElo "1234"]
[BlackElo "1162"]

1. e4 c6 2. d4 d5 3. Nc3 dxe4 4. Nxe4 Bf5 5. Nc3 Nf6 6. Nf3 e6 7. Bd3 Bxd3 8. Qxd3
Bb4 9. O-O O-O 10. Ne5 Nbd7 11. Qg3 Bxc3 12. Qxc3 Nxe5 13. dxe5 Nd7 14. Qg3 f6
15. Bh6 Qe7 16. Bf4 g5 17. exf6 Qxf6 18. Bxg5 Qg6 19. Bh4 Qxg3 20. Bxg3 Rad8 21.
Rad1 Nf6 22. Rxd8 Rxd8 23. Bh4 Kg7 24. Bxf6+ Kxf6 25. f3 Rd2 26. Rf2 Rd1+ 27.
Rf1 Rd2 28. Rc1 b5 29. h3 a5 30. g3 Kf5 31. Kf1 c5 32. a3 Rh2 33. Re1 Rxc2 34.
Re2 Rc1+ 35. Kf2 b4 36. axb4 axb4 37. h4 c4 38. Re1 Rc2+ 39. Re2 Rc1 40. Re1 Rc2+
41. Re2 Rc1 1/2-1/2

[Event "Wielkopolska III Liga Juniorow 2016"]
[Site "Gniezno"]
[Date "1899-12-30"]
[Round "7.13"]
[White "Ciesinska, Weronika"]
[Black "Stochnialek, Dominika"]
[Result "1/2-1/2"]
[WhiteTitle "I"]
[BlackTitle "I"]
[WhiteElo "1697"]
[BlackElo "1438"]

1. e4 c5 2. Nc3 d6 3. f4 g6 4. Nf3 Bg7 5. g3 e6 6. d3 Ne7 7. Bg2 a6 8. O-O O-O
9. Qe2 Nbc6 10. h3 f5 11. exf5 Nxf5 12. Kh2 Nfd4 13. Qf2 Nxf3+ 14. Bxf3 Nd4 15.
Ne4 Nxf3+ 16. Qxf3 Rb8 17. Rb1 b5 18. Qe2 e5 19. fxe5 Bxe5 20. Bh6 Rxf1 21. Rxf1
Bg7 22. Bf4 Qd7 23. g4 Qe6 24. Bxd6 Be5+ 25. Bxe5 Qxe5+ 26. Ng3 Qxe2+ 27. Nxe2
Kg7 28. a3 Rb6 29. Nc3 Re6 30. Rf2 Bb7 31. Re2 Rxe2+ 32. Nxe2 Kf6 33. Kg3 g5 34.
c3 Ke5 35. Ng1 h6 36. Ne2 Bc6 37. h4 gxh4+ 38. Kxh4 Bf3 39. Ng1 Bd1 40. Kg3 h5
41. gxh5 Bxh5 42. Nh3 Bg6 43. Nf2 a5 44. Kf3 b4 45. Ne4 bxc3 46. bxc3 Kd5 47.
Ke3 c4 48. Nf6+ Ke6 49. Ne4 Kd5 1/2-1/2

[Event "Wielkopolska III Liga Juniorow 2016"]
[Site "Gniezno"]
[Date "1899-12-30"]
[Round "7.14"]
[White "Wojciechowski, Antoni"]
[Black "Kaluzny, Jan"]
[Result "1-0"]
[WhiteTitle "II+"]
[BlackTitle "II"]
[WhiteElo "1514"]
[BlackElo "1425"]

1. Nf3 d5 2. g3 Nf6 3. Bg2 Bf5 4. d3 e6 5. O-O c6 6. Nbd2 Be7 7. a3 O-O 8. c4 Nbd7
9. b4 h6 10. Qb3 a6 11. b5 axb5 12. cxb5 Qc7 13. Nd4 Bh7 14. Bb2 Nc5 15. Qc2 Rfc8
16. N2b3 Nxb3 17. Qxb3 Nd7 18. Rfc1 Nc5 19. Qc3 Qb6 20. Nf5 Bf6 21. Ne7+ Kh8 22.
Nxc8 Qxb5 23. Qxc5 Bxb2 24. Rab1 Qxc5 25. Rxc5 Bxa3 26. Rc3 Bf8 27. Nb6 Ra2 28.
Bf3 Ra6 29. Nd7 Bd6 30. Nc5 Bxc5 31. Rxc5 Ra7 32. Rcc1 Bg6 33. Ra1 Rxa1 34. Rxa1
b5 35. e4 dxe4 36. Bxe4 Bxe4 37. dxe4 c5 38. Ra8+ Kh7 39. Rc8 b4 40. Rxc5 b3 41.
Rb5 b2 42. Rxb2 1-0

[Event "Wielkopolska III Liga Juniorow 2016"]
[Site "Gniezno"]
[Date "1899-12-30"]
[Round "7.15"]
[White "Lewandowski, Witold"]
[Black "Poltorak, Sebastian"]
[Result "1-0"]
[WhiteTitle "II"]
[BlackTitle "II+"]
[WhiteElo "1416"]
[BlackElo "1693"]

1. e4 c6 2. d4 d5 3. e5 Bf5 4. Nf3 e6 5. Be3 Nd7 6. Nbd2 Qb6 7. b3 Bb4 8. Be2 Qc7
9. O-O c5 10. Bd3 Bxd3 11. cxd3 cxd4 12. Bxd4 Ne7 13. Bb2 Nc6 14. d4 O-O 15. a3
Be7 16. Rc1 Rac8 17. Qe2 a6 18. Qe3 Rfd8 19. g3 b5 20. h4 Nf8 21. Kg2 Qb7 22.
Rh1 b4 23. a4 f6 24. exf6 Bxf6 25. Rce1 a5 26. Ng5 Re8 27. Re2 h6 28. Nh3 e5 29.
dxe5 Nxe5 30. Bxe5 Bxe5 31. Rhe1 Rc7 32. Qd3 Rc3 33. Qb5 Qxb5 34. axb5 Rc2 35.
f4 Bc3 36. Rxe8 Rxd2+ 37. R1e2 Rxe2+ 38. Rxe2 d4 39. Nf2 Kf7 40. Ra2 Ke6 41. Nd3
Nd7 42. Kf3 Kd6 43. Rxa5 Nc5 44. Nxc5 Kxc5 45. Ke2 Kb6 46. Ra2 Kxb5 47. h5 Kc5
48. Kd3 Be1 49. Rg2 Kd5 50. g4 Ke6 51. Re2+ 1-0

[Event "Wielkopolska III Liga Juniorow 2016"]
[Site "Gniezno"]
[Date "1899-12-30"]
[Round "7.16"]
[White "Roszkiewicz, Anna"]
[Black "Lazniewski, Tadeusz"]
[Result "0-1"]
[WhiteTitle "I"]
[BlackTitle "II"]
[WhiteElo "1421"]
[BlackElo "1186"]

1. e4 e5 2. Nf3 Nc6 3. Bb5 g6 4. Nc3 Bg7 5. O-O a6 6. Bc4 Nf6 7. d3 d6 8. Be3 Be6
9. Bxe6 fxe6 10. Qd2 Qd7 11. Bh6 O-O 12. Bxg7 Qxg7 13. Rae1 Nd4 14. Nxd4 exd4
15. Ne2 e5 16. c3 dxc3 17. bxc3 Qf7 18. Ng3 Rae8 19. Qb2 b6 20. d4 Qc4 21. Qb3
Qf7 22. f3 Kg7 23. Qxf7+ Rxf7 24. Kf2 h5 25. Ne2 c5 26. a4 cxd4 27. cxd4 b5 28.
dxe5 dxe5 29. axb5 axb5 30. Rb1 Rb8 31. Nc3 b4 32. Ke3 Rfb7 33. Nd5 b3 34. Kd3
b2 35. Rf2 Nd7 36. Rc2 Rb3+ 37. Nc3 Nc5+ 38. Kc4 Ne6 39. Nd1 Nf4 40. Rbxb2 R8b4+
41. Kc5 Nd3+ 42. Kd5 Nxb2 43. Nxb2 Rb5+ 44. Ke6 Rxb2 45. Rc1 Rxg2 46. Rc7+ Kh6
47. Kf6 Rxh2 48. Rc8 Rb7 0-1

[Event "Wielkopolska III Liga Juniorow 2016"]
[Site "Gniezno"]
[Date "1899-12-30"]
[Round "7.17"]
[White "Walkowiak, Bogumila"]
[Black "Andrzejewska, Maja"]
[Result "1/2-1/2"]
[WhiteTitle "II"]
[BlackTitle "II"]
[WhiteElo "1337"]
[BlackElo "1295"]

1. e4 c5 2. Nf3 Nc6 3. d4 cxd4 4. Nxd4 e5 5. Nb3 Nf6 6. Bg5 Be7 7. Bxf6 Bxf6 8.
c4 d6 9. Nc3 a6 10. Be2 O-O 11. O-O Bg5 12. Nd5 f5 13. exf5 Bxf5 14. Bg4 Ne7 15.
Nxe7+ Qxe7 16. Qd5+ Kh8 17. Bxf5 Rxf5 18. Rad1 Rf6 19. Nd2 Bxd2 20. Rxd2 Rd8 21.
Rfd1 Rc8 22. b3 h6 23. Qa5 Rc5 24. Qb4 Qc7 25. Rd5 b6 26. Rxc5 Qxc5 27. Qxc5 dxc5
28. f3 Kg8 29. Re1 Re6 30. Kf2 Kf7 31. Ke3 Rd6 32. Re2 Ke6 33. Rd2 Rd4 34. g3
Kf5 35. Rd3 g6 36. h3 h5 37. h4 g5 38. hxg5 Kxg5 39. Rd2 b5 40. cxb5 axb5 41.
Rc2 c4 42. bxc4 bxc4 43. Rc3 Kf5 44. a4 h4 45. gxh4 Rxh4 46. a5 Rd4 47. a6 Rd6
1/2-1/2

[Event "Wielkopolska III Liga Juniorow 2016"]
[Site "Gniezno"]
[Date "1899-12-30"]
[Round "7.18"]
[White "Roszkiewicz, Zofia"]
[Black "Miranowska, Anna"]
[Result "0-1"]
[WhiteTitle "II"]
[BlackTitle "II"]
[WhiteElo "1011"]
[BlackElo "1089"]

1. e4 c6 2. d4 d5 3. Nc3 dxe4 4. Nxe4 Bf5 5. Ng3 Bg6 6. Nf3 Nd7 7. h4 h6 8. h5
Bh7 9. Bd3 Bxd3 10. Qxd3 e6 11. Bf4 Qa5+ 12. Bd2 Qc7 13. O-O-O O-O-O 14. Qb3 Ngf6
15. Qa4 Nb6 16. Qxa7 Nc4 17. Qa8+ Qb8 18. Qxb8+ Kxb8 19. Bf4+ Bd6 20. Bxd6+ Nxd6
21. Rd3 Kc7 22. a4 Ra8 23. Ra3 Nc4 24. Ra2 Nb6 25. a5 Nc4 26. b4 Nd5 27. Rb2 Nxb2
0-1

[Event "Wielkopolska III Liga Juniorow 2016"]
[Site "Gniezno"]
[Date "1899-12-30"]
[Round "7.20"]
[White "Ciesielski, Marceli"]
[Black "Waszkowiak, Kinga"]
[Result "1/2-1/2"]
[WhiteTitle "II"]
[BlackTitle "III"]
[WhiteElo "1169"]
[BlackElo "1022"]

1. d4 f5 2. c4 Nf6 3. Nc3 e6 4. Bg5 Bb4 5. Qc2 O-O 6. Nf3 b6 7. g3 Bb7 8. Bg2 d6
9. O-O Bxc3 10. Qxc3 Nbd7 11. e3 h6 12. Bxf6 Qxf6 13. Rfd1 Qe7 14. Nh4 Bxg2 15.
Ng6 Qf7 16. Nxf8 Bf3 17. Nxd7 Bxd1 18. Nxb6 axb6 19. Rxd1 Rxa2 20. b4 Qh5 21.
Ra1 Qe2 22. Rxa2 Qxa2 23. d5 e5 24. Kg2 Kf8 25. Qd3 e4 26. Qd4 Qa3 27. b5 Qc1
28. g4 fxg4 29. Qxe4 Qd1 30. Qf5+ Kg8 31. h3 gxh3+ 32. Qxh3 Qc2 33. Qc8+ Kh7 34.
Qxc7 Qg6+ 35. Kf1 Qd3+ 36. Kg2 Qg6+ 37. Kf3 Qh5+ 38. Ke4 Qg6+ 39. Kd4 Qf6+ 40.
Kd3 Qf5+ 41. Ke2 Qc2+ 1/2-1/2

[Event "Wielkopolska III Liga Juniorow 2016"]
[Site "Gniezno"]
[Date "1899-12-30"]
[Round "7.23"]
[White "Kubiak, Aleksandra"]
[Black "Kostecka, Marika"]
[Result "0-1"]
[WhiteTitle "II"]
[BlackTitle "I+"]
[WhiteElo "1267"]
[BlackElo "1699"]

1. e4 c5 2. Bc4 e6 3. Nc3 Nf6 4. f4 d5 5. exd5 exd5 6. Qe2+ Be7 7. Bb3 O-O 8. Nf3
Nc6 9. O-O a6 10. a4 Bg4 11. h3 Nd4 12. Qf2 Nxf3+ 13. Kh1 Nd4 14. hxg4 Nxg4 15.
Qg3 c4 16. Bxc4 dxc4 17. Qxg4 Nxc2 18. Rb1 Rb8 19. b3 cxb3 20. Rxb3 Nd4 21. Rb1
f5 22. Qg3 b5 23. axb5 axb5 24. Bb2 Bf6 25. Qf2 Re8 26. Na2 Re2 27. Qg3 Rxd2 28.
Qe3 Re2 29. Qd3 Qd5 30. Rg1 Qxa2 31. Qg3 Rxb2 32. Ra1 Qb3 33. Qh2 Ne2 34. Rge1
Ng3+ 35. Kg1 Bd4+ 0-1

[Event "Wielkopolska III Liga Juniorow 2016"]
[Site "Gniezno"]
[Date "1899-12-30"]
[Round "7.24"]
[White "Grochot, Klara"]
[Black "Nowak, Roksana"]
[Result "0-1"]
[WhiteTitle "II"]
[BlackTitle "II+"]
[WhiteElo "1027"]
[BlackElo "1258"]

1. e4 e5 2. Nf3 Nc6 3. Nc3 Bc5 4. Bb5 h6 5. Bxc6 dxc6 6. Nxe5 Qf6 7. Nf3 Ne7 8.
d4 Bb6 9. O-O O-O 10. h3 Qg6 11. Nh4 Qf6 12. Nf3 Qg6 13. Nh4 Qf6 14. Nf3 c5 15.
Be3 cxd4 16. Bxd4 Bxd4 17. Nxd4 Qg6 18. Qf3 a6 19. Qg3 Qxg3 20. fxg3 g6 21. e5
Kg7 22. Rae1 Be6 23. Nxe6+ fxe6 24. Rxf8 Rxf8 25. Rf1 Rxf1+ 26. Kxf1 Nc6 27. Ne4
b6 28. c4 Nxe5 29. c5 Nd3 30. cxb6 cxb6 31. b3 g5 32. a4 Kg6 33. g4 e5 34. Nd2
Kf6 35. Ke2 Nb4 36. Kf3 Ke6 37. Ke4 a5 38. Nc4 Na6 39. Nxb6 Nc5+ 40. Ke3 Nxb3
41. Nc4 Nc5 42. Nxa5 Nxa4 43. g3 Kd5 44. Nb3 Nc5 45. Nxc5 Kxc5 46. Ke4 Kd6 47.
h4 Ke6 48. h5 Kd6 49. Ke3 Kd5 50. Kf2 e4 51. Ke2 Kd4 52. Kf1 e3 53. Ke1 Ke4 54.
Ke2 Kd4 55. Ke1 Ke5 56. Kf1 Kd4 57. Ke1 Kc3 58. Ke2 Kd4 59. Ke1 Kd3 60. Kd1 Kd4
61. Ke1 Ke5 62. Kf1 Kd4 63. Ke1 Kc3 64. Ke2 Kd4 65. Ke1 Kd5 66. Kf1 Kc4 67. Ke1
Kd4 68. Kf1 Kd3 69. Ke1 e2 70. Kf2 Kd2 71. Kf3 e1=Q 0-1